Auditoria Analítica (Registro nro. 1437)

Detalles MARC
000 -LEADER
fixed length control field 01165 a2200253 4500
001 - CONTROL NUMBER
control field 26081
005 - DATE AND TIME OF LATEST TRANSACTION
control field 20260407155543.0
008 - FIXED-LENGTH DATA ELEMENTS--GENERAL INFORMATION
fixed length control field 260407a1969 arg spa d
003 - CONTROL NUMBER IDENTIFIER
control field AR-UNSa-BCEJYS
040 ## - CATALOGING SOURCE
Original cataloging agency AR-UNSa-BCEJYS
Language of cataloging spa
Transcribing agency AR-UNSa-BCEJYS
080 ## - UNIVERSAL DECIMAL CLASSIFICATION NUMBER
Universal Decimal Classification number 657.6
Common auxiliary subdivision Auditoria (control interno)
100 1# - MAIN ENTRY--PERSONAL NAME
Personal name Skinner, R.M.
245 10 - TITLE STATEMENT
Title Auditoria Analítica
264 #1 - PRODUCTION, PUBLICATION, DISTRIBUTION, MANUFACTURE, AND COPYRIGHT NOTICE
Place of production, publication, distribution, manufacture Buenos Aires :
Name of producer, publisher, distributor, manufacturer PROINVERT
Date of production, publication, distribution, manufacture, or copyright notice 1969
300 ## - PHYSICAL DESCRIPTION
Extent 211 p.
Dimensions 23 cm.
505 ## - FORMATTED CONTENTS NOTE
Formatted contents note 1. Introducción - 2. Objetivos de la auditoría analítica - 3. Teoría de la auditoría analítica - 4. Trazado de cursogramas - 5. La auditroría de sistemas - 6. La auditoría de seguimiento - 7. Ejemplos de secciones de sistemas - 8. Cómo mejorar las técnicas de diagramación - 9. Aplicación a sistemas de tarjetas perforadas. Electrónicos - 10. Conclusión.
590 ## - LOCAL NOTE (RLIN)
Local note niveau_biblio:m niveau_hierar:0
700 1# - ADDED ENTRY--PERSONAL NAME
Personal name Anderson, R.J.
700 1# - ADDED ENTRY--PERSONAL NAME
Personal name Bocardi, Enrique Ricardo
700 1# - ADDED ENTRY--PERSONAL NAME
Personal name Mora, Graciela
700 1# - ADDED ENTRY--PERSONAL NAME
Personal name Chapman, William Leslie
856 41 - ELECTRONIC LOCATION AND ACCESS
Uniform Resource Identifier <a href="https://biblioeco.unsa.edu.ar/pmb/images/libros/Auditoria Anal?tica Skinner, R.M. (1969).jpg">https://biblioeco.unsa.edu.ar/pmb/images/libros/Auditoria Anal?tica Skinner, R.M. (1969).jpg</a>
Link text Imagen de portada
Electronic format type image/jpeg
942 ## - ADDED ENTRY ELEMENTS (KOHA)
Koha item type
Existencias
Withdrawn status Lost status Damaged status Not for loan Home library Current library Shelving location Date acquired Total checkouts Full call number Barcode Date last seen Price effective from Koha item type
        Biblioteca Prof. Eusebio Cleto del Rey Biblioteca Prof. Eusebio Cleto del Rey   07/04/2026   657.6 S628 L23438 07/04/2026 07/04/2026 Libro
        Biblioteca Prof. Eusebio Cleto del Rey Biblioteca Prof. Eusebio Cleto del Rey   07/04/2026   657.6 S628 L23437 07/04/2026 07/04/2026 Libro
        Biblioteca Prof. Eusebio Cleto del Rey Biblioteca Prof. Eusebio Cleto del Rey   07/04/2026   657.6 S628 L22866 07/04/2026 07/04/2026 Libro